000 00456nam a2200169Ia 4500
003 GCL
008 140319s9999 xx 000 0 ara d
040 _aGCL /
_cGCL
082 0 4 _a932
_bق ت
100 1 _aق. ى
245 1 0 _a"توت عنخ أمون ""محرر مصر العظيم""" /
_cق. ى
260 _a[S.N] :
_bمكتبة زيدان العمومية
300 _a328 ص
490 _a
650 0 4 _aتاريخ فرعونى
942 _2ddc
_cBK
999 _c55106
_d55106